AN INTRODUCTION TO ELECTROCHEMISTRY (Record no. 9855)

MARC details
000 -LEADER
fixed length control field 00389nam a22001577a 4500
003 - CONTROL NUMBER IDENTIFIER
control field SGT
020 ## - INTERNATIONAL STANDARD BOOK NUMBER
International Standard Book Number 817671013X
082 ## - DEWEY DECIMAL CLASSIFICATION NUMBER
Classification number 540,GLA
100 ## - MAIN ENTRY--PERSONAL NAME
Personal name GLASSTONE,SAMUEL
245 ## - TITLE STATEMENT
Title AN INTRODUCTION TO ELECTROCHEMISTRY
250 ## - EDITION STATEMENT
Edition statement 1ST
260 ## - PUBLICATION, DISTRIBUTION, ETC. (IMPRINT)
Place of publication, distribution, etc NEW DELHI
Name of publisher, distributor, etc AFFILIATED EAST WEST PRESS PRIVATE LIMTED
Year of Publication 2016
300 ## - PAGE DESCRIPTION
No. of Pages 557
650 ## - SUBJECT ADDED ENTRY--TOPICAL TERM
Topical term or geographic name as entry element CHEMISTRY, ELECTROCHEMISTRY
942 ## - ADDED ENTRY ELEMENTS (KOHA)
Source of classification or shelving scheme Dewey Decimal Classification
Koha item type FPS Books
Holdings
Withdrawn status Lost status Source of classification or shelving scheme Damaged status Not for loan Collection code Home library Current library Shelving location Date acquired Vendor Name Cost, normal purchase price SGTU Bill Number Full call number Accession No. (Barcode) Date last seen Bill Date Koha item type Total Checkouts Date last borrowed
    Dewey Decimal Classification   Not For Loan SCIENCE SGT Science & Social Sciences Library SGT Science & Social Sciences Library Reference Book 05/09/2016 AHUJA BOOK 275.00 SGTU 7161 540,GLA PS2343 05/09/2016 16/08/2016 FPS Books    
    Dewey Decimal Classification     SCIENCE SGT Science & Social Sciences Library SGT Science & Social Sciences Library Text Book 05/09/2016 AHUJA BOOK 275.00 SGTU 7161 540,GLA PS2344 05/09/2016 16/08/2016 FPS Books    
    Dewey Decimal Classification     SCIENCE SGT Science & Social Sciences Library SGT Science & Social Sciences Library Text Book 05/09/2016 AHUJA BOOK 275.00 SGTU 7161 540,GLA PS2345 23/03/2018 16/08/2016 FPS Books 1 23/03/2018